| 000 | 01815cam a2200445 i 4500 | ||
|---|---|---|---|
| 001 | 11896497 | ||
| 003 | illustrations | ||
| 005 | 20241003100117.0 | ||
| 008 | 140306r20061927enka f b 001 0 eng d | ||
| 020 | _z9780521588072 | ||
| 035 | _a(OCoLC)ocn871557238 | ||
| 035 | _a11896497 | ||
| 040 |
_aUMI _beng _erda _cUMI _dEG-ScBUE |
||
| 082 | 0 | 4 |
_a515 _bWHI _222 |
| 100 | 1 |
_aWhittaker, E. T. _q(Edmund Taylor), _d1873-1956, _eauthor. _939520 |
|
| 245 | 1 | 2 |
_aA course of modern analysis : _ban introduction to the general theory of infinite processes and of analytic functions, with an account of the principal transcendental functions / _cby E. T. Whittaker and G. N. Watson. |
| 246 | 3 | 0 | _aModern analysis |
| 246 | 3 | 0 | _aIntroduction to the general theory of infinite processes and of analytic functions, with an account of the principal transcendental functions |
| 250 | _aFourth edition. | ||
| 250 | _aSixth printing. | ||
| 264 | 1 |
_aCambridge ; _aNew York : _bCambridge University Press, _c2006. |
|
| 300 |
_a608 pages : _billustrations ; _c23 cm. |
||
| 336 |
_2rdacontent _atext _btxt |
||
| 337 |
_aunmediated _2rdamedia _bn |
||
| 338 |
_avolume _bnc _2rdacarrier |
||
| 490 | 0 | _aCambridge mathematical library | |
| 500 | _aReprint of the 1927 4th ed. | ||
| 500 | _aIncludes appendix. | ||
| 504 | _aIncludes bibliographical references and index. | ||
| 650 | 7 |
_aSeries, Infinite. _2BUEsh |
|
| 650 | 7 |
_aAnalytic functions. _2BUEsh |
|
| 650 | 7 |
_aHarmonic analysis. _2BUEsh |
|
| 651 | _2BUEsh | ||
| 653 |
_bENGGEN _cMarch2016 |
||
| 655 |
_vReading book _934232 |
||
| 700 | 1 |
_aWatson, G. N. _q(George Neville), _d1886-1965, _eauthor. _939521 |
|
| 856 | 4 | 0 |
_yOnline book _uhttp://proquest.safaribooksonline.com/?uiCode=yaleu&xmlId=9781107263864 |
| 942 |
_2ddc _cBB |
||
| 946 | _aDO NOT EDIT. DO NOT EXPORT. | ||
| 999 |
_c21369 _d21341 |
||